000
00329 a2200157 4500
001
62877
020
_a
9788586551468
040
_c
Anchieta - Pituba
100
_a
Rodrigues, Elizabeth
240
1
0
_a
Terror e aventura
_l
por
245
1
0
_a
Terror e aventura
300
_a
124
362
0
_a
2012
650
4
_a
Bahia
942
_c
BK
999
_c
62877
_d
62877